Charakteristika kreditných derivátov
Kreditné deriváty ako špecifická skupina finančných derivátov. Podstata a vybrané druhy kreditných derivátov. Účel vzniku kreditných derivátov. Podkladové nástroje kreditného derivátu. Kreditná udalosť a kreditné riziko.
Saved in:
| Main Author: | |
|---|---|
| Format: | Book Chapter |
| Language: | Slovak |
| Subjects: | |
| Tags: |
No Tags, Be the first to tag this record!
|
MARC
| LEADER | 00000naa$a2200000$$$4500 | ||
|---|---|---|---|
| 001 | 0119674 | ||
| 005 | 20240502072332.3 | ||
| 041 | 0 | |a slo | |
| 044 | |a SK | ||
| 245 | 1 | 0 | |a Charakteristika kreditných derivátov |c Gabriela Ponecová |
| 520 | |a Kreditné deriváty ako špecifická skupina finančných derivátov. Podstata a vybrané druhy kreditných derivátov. Účel vzniku kreditných derivátov. Podkladové nástroje kreditného derivátu. Kreditná udalosť a kreditné riziko. | ||
| 610 | 2 | 0 | |a trh finančný |
| 610 | 2 | 0 | |a nástroje finančné |
| 610 | 2 | 0 | |a stratégia investičná |
| 610 | 2 | 0 | |a deriváty |
| 610 | 2 | 0 | |a zmluvy úverové |
| 610 | 2 | 0 | |a kapitalizácia |
| 610 | 2 | 0 | |a riziko finančné |
| 610 | 2 | 0 | |a veritelia |
| 610 | 2 | 0 | |a dlžníci |
| 610 | 2 | 0 | |a investori |
| 100 | 1 | |a Ponecová, Gabriela | |